[Event "Open Parla 2008"]
[Site "Parla ESP"]
[Date "2008.09.08"]
[Round "3.25"]
[White "Lopez de Turiso Sanchez, Jose Ang"]
[Black "Avendano Mateos, Jose"]
[Result "1-0"]
[WhiteElo "2137"]
[BlackElo "1909"]
[PlyCount "77"]
[EventDate "2008.09.06"]
[EventType "swiss"]
[EventRounds "9"]
[EventCountry "AUT"]
[Source "lmi"]
[SourceDate "2008.09.06"]

1. d4 d5 2. c4 c6 3. cxd5 cxd5 4. Nc3 Nf6 5. Bg5 Nc6 6. e3 a6 7. Rc1 e6 8. Bd3
Be7 9. Nge2 Bd7 10. f3 b5 11. O-O Qb6 12. Kh1 h6 13. Bh4 g5 14. Bf2 g4 15. e4
gxf3 16. gxf3 Qb7 17. exd5 Nb4 18. Be4 Nbxd5 19. Nxd5 exd5 20. Bd3 Nh5 21. Re1
Kf8 22. Be3 Rc8 23. Qd2 Qb6 24. Rxc8+ Bxc8 25. Nf4 Nxf4 26. Bxf4 h5 27. Qe3 Be6
28. Bh6+ Ke8 29. Bf5 Rxh6 30. Qxh6 Qa5 31. Qh8+ Bf8 32. Qe5 Bd6 33. Qe3 Bf4 34.
Qe2 Qd2 35. Qxd2 Bxd2 36. Re2 Bc1 37. Bxe6 fxe6 38. Rxe6+ Kd7 39. Re2 1-0

[Event "Open Parla 2008"]
[Site "Parla ESP"]
[Date "2008.09.08"]
[Round "3.26"]
[White "Argente Rodriguez, Juan Jose"]
[Black "Ruiz Quevedo, Andres"]
[Result "1-0"]
[WhiteElo "2129"]
[BlackElo "1900"]
[PlyCount "107"]
[EventDate "2008.09.06"]
[EventType "swiss"]
[EventRounds "9"]
[EventCountry "AUT"]
[Source "lmi"]
[SourceDate "2008.09.06"]

1. c4 Nf6 2. g3 c5 3. Bg2 e6 4. Nc3 d5 5. cxd5 exd5 6. d4 cxd4 7. Qxd4 Nc6 8.
Qa4 Bc5 9. Nf3 O-O 10. O-O d4 11. Qc4 Bb6 12. Na4 Be6 13. Qb5 Qc8 14. Nxb6 axb6
15. Ne5 Nd5 16. Bxd5 Nxe5 17. Bd2 Qc5 18. Qxc5 bxc5 19. Bxe6 fxe6 20. Rfc1 Rfc8
21. b3 b6 22. Rc2 Nd7 23. Rac1 Ra7 24. a4 e5 25. f3 Kf7 26. e4 Ke6 27. Kg2 Rac7
28. Rc4 Nf6 29. b4 Nd7 30. f4 g6 31. Kf3 Ra7 32. bxc5 Rxc5 33. a5 Rxc4 34. Rxc4
bxa5 35. Ra4 Rb7 36. Rxa5 Rb2 37. Ke2 Rb3 38. Rd5 exf4 39. Bxf4 Rb2+ 40. Kd3
Nf6 41. Rd6+ Kf7 42. e5 Ne8 43. Rd7+ Ke6 44. Rxh7 Rb3+ 45. Kxd4 Rb4+ 46. Kc5
Rb8 47. Rh6 Rc8+ 48. Kb6 Kf5 49. Rh8 Rb8+ 50. Kc6 Rd8 51. Rf8+ Kg4 52. Rg8 Kf5
53. Rf8+ Kg4 54. e6 1-0

[Event "Open Parla 2008"]
[Site "Parla ESP"]
[Date "2008.09.08"]
[Round "3.27"]
[White "Prada Teruel, Carlos"]
[Black "Vazquez Gonzalez, Francisco"]
[Result "0-1"]
[WhiteElo "1949"]
[BlackElo "2125"]
[PlyCount "98"]
[EventDate "2008.09.06"]
[EventType "swiss"]
[EventRounds "9"]
[EventCountry "AUT"]
[Source "lmi"]
[SourceDate "2008.09.06"]

1. e4 e5 2. Nf3 Nc6 3. d4 exd4 4. Nxd4 Bc5 5. Nb3 Bb6 6. Nc3 Nf6 7. Bf4 d6 8.
f3 Be6 9. Qd2 Qe7 10. O-O-O O-O-O 11. Nd5 Bxd5 12. exd5 Ne5 13. a4 a6 14. a5
Ba7 15. Nd4 Qd7 16. Nb3 Rhe8 17. Bg3 Nxf3 18. Qc3 Ng5 19. Bh4 Nge4 20. Qf3 Re5
21. g4 Rde8 22. Bh3 g5 23. Bg3 Nxg3 24. hxg3 Ne4 25. Rh2 Nc5 26. Nxc5 Bxc5 27.
Bf1 Qa4 28. Kb1 Re1 29. Rxh7 Rxd1+ 30. Qxd1 Qb4 31. c3 Qe4+ 32. Bd3 Qe3 33.
Rxf7 Qxg3 34. Bf5+ Kb8 35. Be6 Rh8 36. Ka2 Qg2 37. Qb3 Qg1 38. Qa4 Rh1 39. Qd7
Qa1+ 40. Kb3 Qd1+ 41. Ka2 Qa1+ 42. Kb3 Qxa5 43. Qa4 Qb6+ 44. Ka2 Rh2 45. Qb3
Qa5+ 46. Kb1 Rh1+ 47. Kc2 Qa1 48. Kd3 Qb1+ 49. Ke2 Qe4+ 0-1

[Event "Open Parla 2008"]
[Site "Parla ESP"]
[Date "2008.09.08"]
[Round "3.28"]
[White "Gutierrez Gonzalez, Francisco Jav"]
[Black "Huguet Mainar, Sergio"]
[Result "0-1"]
[WhiteElo "1943"]
[BlackElo "2109"]
[PlyCount "62"]
[EventDate "2008.09.06"]
[EventType "swiss"]
[EventRounds "9"]
[EventCountry "AUT"]
[Source "lmi"]
[SourceDate "2008.09.06"]

1. c4 Nf6 2. Nc3 c5 3. e4 Nc6 4. d3 g6 5. f4 d6 6. Nf3 Bg7 7. Be2 O-O 8. O-O e5
9. Be3 Ng4 10. Qd2 Nxe3 11. Qxe3 Nd4 12. Qd2 exf4 13. Qxf4 Qb6 14. Rab1 Be6 15.
Nxd4 Bxd4+ 16. Kh1 f5 17. Nd5 Bxd5 18. exd5 Rae8 19. Bd1 Re5 20. Ba4 Rf7 21. g4
Qa5 22. Bd1 Be3 23. Qf3 Qd2 24. Be2 Bg5 25. Rf2 Re3 26. Qg2 Bh4 27. gxf5 Bxf2
28. fxg6 hxg6 29. Qxg6+ Rg7 30. Qf5 Qxe2 31. Qc8+ Re8 0-1

[Event "Open Parla 2008"]
[Site "Parla ESP"]
[Date "2008.09.08"]
[Round "3.29"]
[White "Laynez Aspenberg, Jose Miguel"]
[Black "Quintero Torres, Pedro"]
[Result "1/2-1/2"]
[WhiteElo "1935"]
[BlackElo "2095"]
[PlyCount "93"]
[EventDate "2008.09.06"]
[EventType "swiss"]
[EventRounds "9"]
[EventCountry "AUT"]
[Source "lmi"]
[SourceDate "2008.09.06"]

1. d4 Nf6 2. c4 g6 3. Nc3 d5 4. Nf3 Bg7 5. Bg5 Ne4 6. cxd5 Nxg5 7. Nxg5 c6 8.
dxc6 Nxc6 9. d5 Ne5 10. Nf3 Nxf3+ 11. exf3 O-O 12. Bc4 Qc7 13. Qb3 Qe5+ 14. Kf1
a6 15. Re1 Qc7 16. h4 b5 17. Bd3 h5 18. Qb4 Qd6 19. Qxd6 exd6 20. g3 Bb7 21.
Re7 Bxc3 22. Rxb7 Bxb2 23. Kg2 Rfe8 24. Rb1 Ba3 25. Rb3 Bc5 26. Be4 Rab8 27.
Rxb8 Rxb8 28. Rb1 Re8 29. Kf1 Re5 30. Rd1 a5 31. Bc2 Bb4 32. f4 Re7 33. Bd3 Rb7
34. Rc1 Bc5 35. Re1 a4 36. Rb1 b4 37. Bc4 Kg7 38. Ba6 Ra7 39. Bb5 Kf6 40. Ke2
Ra5 41. Bc6 Kf5 42. Kf3 Ra7 43. Be8 Kf6 44. Bc6 a3 45. Bb5 Re7 46. Bc4 Rb7 47.
Bb3 1/2-1/2

[Event "Open Parla 2008"]
[Site "Parla ESP"]
[Date "2008.09.08"]
[Round "3.30"]
[White "Vazquez Gonzalez, Jesus"]
[Black "Diaz Begonte, Manuel"]
[Result "1-0"]
[WhiteElo "2080"]
[BlackElo "1855"]
[PlyCount "57"]
[EventDate "2008.09.06"]
[EventType "swiss"]
[EventRounds "9"]
[EventCountry "AUT"]
[Source "lmi"]
[SourceDate "2008.09.06"]

1. e4 d6 2. d4 g6 3. Nc3 Bg7 4. Be3 Nf6 5. f3 c6 6. Qd2 h5 7. Bd3 Nbd7 8. Nh3
Qa5 9. O-O e5 10. d5 Nc5 11. dxc6 bxc6 12. Ng5 O-O 13. Bc4 Nb7 14. Rad1 Nh7 15.
h4 Nxg5 16. hxg5 Be6 17. Bb3 Rad8 18. g3 Bxb3 19. axb3 Ra8 20. Ra1 Qc7 21. Bxa7
Rxa7 22. Rxa7 Qb6+ 23. Qf2 Nc5 24. Rfa1 f5 25. gxf6 Rxf6 26. R1a6 Qb4 27. Na2
Qb5 28. Ra5 Qb6 29. b4 1-0

[Event "Open Parla 2008"]
[Site "Parla ESP"]
[Date "2008.09.08"]
[Round "3.31"]
[White "Ortega Morales, Pedro"]
[Black "Gomez, Gustavo Pizzocaro"]
[Result "0-1"]
[WhiteElo "1932"]
[BlackElo "2076"]
[PlyCount "56"]
[EventDate "2008.09.06"]
[EventType "swiss"]
[EventRounds "9"]
[EventCountry "AUT"]
[Source "lmi"]
[SourceDate "2008.09.06"]

1. d4 Nf6 2. Bf4 e6 3. e3 d5 4. Nf3 c5 5. c3 Nc6 6. Nbd2 Bd6 7. Ne5 Bxe5 8.
dxe5 Nd7 9. Nf3 O-O 10. Bb5 Qb6 11. Bxc6 bxc6 12. b3 Ba6 13. Qc2 f5 14. h4 Rfe8
15. Rg1 h5 16. Rd1 c4 17. b4 c5 18. a3 Qc6 19. a4 Qc7 20. Ra1 Rab8 21. b5 Bb7
22. Qe2 Qa5 23. Ra3 a6 24. bxa6 Bxa6 25. Qa2 Rb6 26. Kd2 Reb8 27. Kc2 Rb3 28.
Nd2 Qxc3+ 0-1

[Event "Open Parla 2008"]
[Site "Parla ESP"]
[Date "2008.09.08"]
[Round "3.32"]
[White "Camarero Izquierdo, Juan Carlos"]
[Black "Anton Guijarro, David"]
[Result "0-1"]
[WhiteElo "1928"]
[BlackElo "2055"]
[PlyCount "100"]
[EventDate "2008.09.06"]
[EventType "swiss"]
[EventRounds "9"]
[EventCountry "AUT"]
[Source "lmi"]
[SourceDate "2008.09.06"]

1. e4 c5 2. Nf3 e6 3. d4 cxd4 4. Nxd4 a6 5. Bd3 Bc5 6. Nb3 Be7 7. O-O d6 8. Nc3
Nf6 9. f4 Nc6 10. Kh1 O-O 11. Qf3 Qc7 12. Bd2 Nb4 13. Ne2 Nxd3 14. cxd3 b6 15.
Rac1 Qd7 16. Ng3 Bb7 17. Nh5 Rac8 18. Bc3 e5 19. Ng3 Ng4 20. Nh5 Nf6 21. Ng3
Ng4 22. h3 exf4 23. Qxf4 Ne5 24. Nf5 f6 25. Qg3 g6 26. d4 Nf7 27. d5 Ng5 28.
Nxe7+ Qxe7 29. Rce1 Nxe4 30. Qd3 Rxc3 31. Qxc3 Bxd5 32. Qe3 Qb7 33. Rf4 Re8 34.
Kh2 Re5 35. Qc1 Kg7 36. Nd2 Nc5 37. Rxe5 dxe5 38. Rg4 h5 39. Rg3 Ne6 40. Qd1
Nf4 41. Nf3 Qc7 42. Nh4 Be4 43. Rc3 Qe7 44. Nf3 Nd5 45. Rc8 Qd7 46. Qc1 Bxf3
47. gxf3 Qf5 48. Kg3 h4+ 49. Kg2 Nf4+ 50. Kf1 Qxh3+ 0-1

[Event "Open Parla 2008"]
[Site "Parla ESP"]
[Date "2008.09.08"]
[Round "3.34"]
[White "Fuentes Arjona, Antonio"]
[Black "Alcala Cuesta, Miguel"]
[Result "1-0"]
[WhiteElo "2042"]
[BlackElo "1849"]
[PlyCount "131"]
[EventDate "2008.09.06"]
[EventType "swiss"]
[EventRounds "9"]
[EventCountry "AUT"]
[Source "lmi"]
[SourceDate "2008.09.06"]

1. e4 c5 2. Nf3 e6 3. d4 cxd4 4. Nxd4 a6 5. c4 Nf6 6. Nc3 Bb4 7. Bd3 O-O 8. O-O
Qc7 9. Bg5 Be7 10. Rc1 b6 11. Qe2 d6 12. Kh1 Bb7 13. f4 Nbd7 14. Bb1 Rac8 15.
b3 Rfe8 16. Nf3 h6 17. Bh4 Nh5 18. Bxe7 Rxe7 19. Nh4 Nhf6 20. Rfe1 Nh7 21. Nf3
Rce8 22. Qc2 Nhf8 23. Nh4 g6 24. Qd2 Rd8 25. Rcd1 Nb8 26. f5 g5 27. Nf3 f6 28.
Qd4 e5 29. Qd2 Qc5 30. h3 Red7 31. Re3 Kg7 32. Rd3 Kf7 33. Na4 Qc7 34. Qe3 b5
35. cxb5 axb5 36. Nc3 Bc6 37. Nd5 Bxd5 38. Rxd5 Qa5 39. Qd3 Rb7 40. a4 Nc6 41.
Rxb5 Rxb5 42. Qxb5 Qa8 43. Qd5+ Kg7 44. Rc1 Rc8 45. Qxd6 Nd4 46. Rc7+ Kg8 47.
Nxd4 Rxc7 48. Qxc7 exd4 49. Qc4+ Kg7 50. Qxd4 Qc6 51. Qc4 Qd6 52. Qd3 Qc7 53.
b4 Qc1+ 54. Kh2 Qf4+ 55. Qg3 Qc1 56. Bd3 Qa3 57. Qc7+ Kh8 58. Qd6 Qc1 59. Qxf8+
Kh7 60. Qf7+ Kh8 61. Qxf6+ Kh7 62. Qg6+ Kh8 63. Qd6 h5 64. f6 g4 65. Qf8+ Kh7
66. Qg7# 1-0

[Event "Open Parla 2008"]
[Site "Parla ESP"]
[Date "2008.09.08"]
[Round "3.35"]
[White "Bordo Bujalance, Enrique"]
[Black "Del Castillo Lopez, Rafael"]
[Result "1-0"]
[WhiteElo "2041"]
[BlackElo "1815"]
[PlyCount "81"]
[EventDate "2008.09.06"]
[EventType "swiss"]
[EventRounds "9"]
[EventCountry "AUT"]
[Source "lmi"]
[SourceDate "2008.09.06"]

1. d4 Nf6 2. c4 e6 3. Nc3 Bb4 4. Qc2 c5 5. dxc5 Bxc5 6. Nf3 d5 7. cxd5 Nxd5 8.
Nxd5 Qxd5 9. Bd2 O-O 10. e3 Nc6 11. a3 Bb6 12. Bd3 g6 13. Bc3 e5 14. O-O f5 15.
b3 Be6 16. Bc4 Qd6 17. Rfd1 Qe7 18. Nxe5 Nxe5 19. Bxe5 Rfd8 20. Bxe6+ Qxe6 21.
Qc4 Rxd1+ 22. Rxd1 Qxc4 23. bxc4 Rd8 24. Rxd8+ Bxd8 25. Kf1 Be7 26. a4 Kf7 27.
Ke2 Ke6 28. Bd4 a6 29. Kd3 Bd6 30. h3 Bb4 31. e4 fxe4+ 32. Kxe4 Be1 33. f4 Bg3
34. Kf3 Be1 35. g4 Bh4 36. Ke4 Be7 37. f5+ gxf5+ 38. gxf5+ Kd7 39. f6 Bf8 40.
Kd5 Bh6 41. Bc5 1-0

[Event "Open Parla 2008"]
[Site "Parla ESP"]
[Date "2008.09.08"]
[Round "3.36"]
[White "Nieto de la Cruz, Julio"]
[Black "Cortes Jurado, Rafael"]
[Result "0-1"]
[WhiteElo "1888"]
[BlackElo "2040"]
[PlyCount "74"]
[EventDate "2008.09.06"]
[EventType "swiss"]
[EventRounds "9"]
[EventCountry "AUT"]
[Source "lmi"]
[SourceDate "2008.09.06"]

1. d4 Nf6 2. c4 g6 3. Nc3 Bg7 4. e4 d6 5. f4 c5 6. d5 e6 7. Nf3 exd5 8. cxd5
O-O 9. Be2 Re8 10. e5 dxe5 11. fxe5 Ng4 12. O-O Nxe5 13. Bf4 Bf5 14. Bb5 Nbd7
15. d6 a6 16. Nxe5 axb5 17. Nxd7 Qxd7 18. Qd5 b4 19. Nd1 Bd4+ 20. Kh1 Bd3 21.
Rg1 Bxg1 22. Kxg1 Re1+ 23. Kf2 Re2+ 24. Kg1 Be4 25. Qxc5 Rxg2+ 26. Kf1 Qg4 27.
Qe3 Re8 28. Bg3 Qf5+ 29. Bf2 Qb5+ 30. Qe2 Bd3 31. Qxd3 Qxd3+ 32. Kxg2 Qxd6 33.
Ne3 Qd2 34. Rd1 Qxb2 35. Kg1 Qxa2 36. Ng4 Qe6 37. h3 h5 0-1

[Event "Open Parla 2008"]
[Site "Parla ESP"]
[Date "2008.09.08"]
[Round "3.37"]
[White "Callejo Hernanz, Jesus Maria"]
[Black "Montanes Arribas, Adrian"]
[Result "1/2-1/2"]
[WhiteElo "1852"]
[BlackElo "2034"]
[PlyCount "58"]
[EventDate "2008.09.06"]
[EventType "swiss"]
[EventRounds "9"]
[EventCountry "AUT"]
[Source "lmi"]
[SourceDate "2008.09.06"]

1. c4 e6 2. Nc3 d5 3. d4 Nf6 4. Bg5 Nbd7 5. cxd5 exd5 6. e3 c6 7. Bd3 Be7 8.
Nge2 Nf8 9. Qc2 Ne6 10. Bh4 g6 11. O-O O-O 12. Rac1 Ng7 13. f3 Nf5 14. Bf2 c5
15. dxc5 Bxc5 16. Nxd5 Nxd5 17. Qxc5 Ndxe3 18. Bxf5 Nxf5 19. Ng3 Nxg3 20. Bxg3
Qb6 21. Qxb6 axb6 22. a3 Bd7 23. Rfe1 Bc6 24. Bd6 Rfd8 25. Bb4 h5 26. Kf2 Rd7
27. Re7 Rad8 28. Rce1 Rxe7 29. Rxe7 Re8 1/2-1/2

[Event "Open Parla 2008"]
[Site "Parla ESP"]
[Date "2008.09.08"]
[Round "3.41"]
[White "Andalon Gomez, Carlos Jesus"]
[Black "Rodriguez Centenera, Sara"]
[Result "0-1"]
[WhiteElo "2017"]
[BlackElo "1674"]
[PlyCount "90"]
[EventDate "2008.09.06"]
[EventType "swiss"]
[EventRounds "9"]
[EventCountry "AUT"]
[Source "lmi"]
[SourceDate "2008.09.06"]

1. d4 Nf6 2. c4 g6 3. Nc3 Bg7 4. e4 d6 5. f4 O-O 6. Nf3 c5 7. d5 e6 8. dxe6
Bxe6 9. Bd3 Nc6 10. f5 Bd7 11. O-O Re8 12. Bg5 h6 13. Bxf6 Bxf6 14. Nd5 Bg7 15.
Qe1 Bxf5 16. Qg3 Bxe4 17. Bxe4 Rxe4 18. Rae1 Rxe1 19. Rxe1 Ne5 20. Nxe5 Bxe5
21. Rxe5 dxe5 22. Qxe5 Qg5 23. Nf6+ Kh8 24. Qc3 Qh4 25. Ne4+ f6 26. Qxf6+ Qxf6
27. Nxf6 Kg7 28. Nd5 Rd8 29. a4 Rxd5 30. cxd5 Kf6 31. Kf2 Ke5 32. Ke3 Kxd5 33.
Kd3 c4+ 34. Kc3 Kc5 35. g3 b6 36. h3 a6 37. g4 g5 38. b3 cxb3 39. Kxb3 b5 40.
axb5 axb5 41. Kc3 b4+ 42. Kb3 Kb5 43. Kb2 Kc4 44. Kc2 b3+ 45. Kb2 Kb4 0-1

[Event "Open Parla 2008"]
[Site "Parla ESP"]
[Date "2008.09.08"]
[Round "3.45"]
[White "Martin Rodriguez, Emilio"]
[Black "Tsebrovskyy, Roman"]
[Result "1-0"]
[WhiteElo "2123"]
[BlackElo "1863"]
[PlyCount "149"]
[EventDate "2008.09.06"]
[EventType "swiss"]
[EventRounds "9"]
[EventCountry "AUT"]
[Source "lmi"]
[SourceDate "2008.09.06"]

1. d4 d5 2. c4 dxc4 3. Nf3 e6 4. e3 Nf6 5. Bxc4 c5 6. O-O a6 7. Qe2 b5 8. Bb3
c4 9. Bc2 Nbd7 10. e4 Be7 11. Nc3 Bb7 12. e5 Nd5 13. Ne4 Rc8 14. Nfg5 Nb4 15.
Qf3 O-O 16. Bb1 Nd3 17. Bxd3 cxd3 18. Qxd3 Bxe4 19. Nxe4 Nxe5 20. Qd1 Nc4 21.
a4 b4 22. Re1 Qd5 23. Qd3 Rfd8 24. Rd1 a5 25. b3 Nd6 26. f3 f5 27. Ng3 Rc3 28.
Qa6 Rxb3 29. Bf4 Bf6 30. Ne2 Rb2 31. Bc1 Rc2 32. Nf4 Bxd4+ 33. Kh1 Qe5 34. Qd3
Bxa1 35. Qxc2 Bc3 36. g3 Nf7 37. Kg2 Rxd1 38. Qxd1 Qd6 39. Qb3 Nd8 40. Ne2 Qd5
41. Qc2 Qc4 42. Bb2 Nc6 43. Nxc3 bxc3 44. Qxc3 Qxc3 45. Bxc3 e5 46. Kf2 Kf7 47.
Ke3 g6 48. f4 e4 49. Be1 Ke6 50. Kd2 h6 51. Kc3 Kd5 52. Bf2 Nb4 53. Bb6 Nc6 54.
h3 h5 55. h4 Kd6 56. Kc4 Kd7 57. Kd5 Nb4+ 58. Ke5 Nc6+ 59. Kf6 Kd6 60. Kxg6 Kd5
61. Kxf5 Nd4+ 62. Kg6 e3 63. Bxa5 Nc6 64. Be1 Ke4 65. a5 Kf3 66. a6 Ke2 67. Bc3
Kd3 68. Be1 Ke2 69. Ba5 Kf3 70. Bc3 Kxg3 71. f5 e2 72. f6 Kg4 73. Be1 Kf4 74.
f7 Ne5+ 75. Kg7 1-0

[Event "Open Parla 2008"]
[Site "Parla ESP"]
[Date "2008.09.08"]
[Round "3.46"]
[White "Perez Cameselle, Francisco"]
[Black "Sierra Bermejo, Gregorio"]
[Result "1-0"]
[WhiteElo "2017"]
[BlackElo "1808"]
[PlyCount "57"]
[EventDate "2008.09.06"]
[EventType "swiss"]
[EventRounds "9"]
[EventCountry "AUT"]
[Source "lmi"]
[SourceDate "2008.09.06"]

1. Nf3 Nf6 2. g3 b6 3. Bg2 Bb7 4. O-O g6 5. d3 Bg7 6. e4 O-O 7. Qe2 d6 8. Nc3
Nbd7 9. a4 a6 10. Ne1 b5 11. axb5 axb5 12. Rxa8 Qxa8 13. Nxb5 c6 14. Nc3 Qa1
15. Nf3 Ng4 16. h3 Nge5 17. Nxe5 Nxe5 18. Bd2 Qa7 19. Kh2 Nd7 20. f4 e6 21. f5
exf5 22. exf5 Be5 23. fxg6 fxg6 24. Rxf8+ Nxf8 25. Ne4 Qa4 26. Bc3 c5 27. Nxc5
Bxg3+ 28. Kxg3 dxc5 29. Bxb7 1-0

[Event "Open Parla 2008"]
[Site "Parla ESP"]
[Date "2008.09.08"]
[Round "3.47"]
[White "Lopez Heras, Arturo"]
[Black "Sierra Soria, Maria"]
[Result "0-1"]
[WhiteElo "1997"]
[BlackElo "1708"]
[PlyCount "107"]
[EventDate "2008.09.06"]
[EventType "swiss"]
[EventRounds "9"]
[EventCountry "AUT"]
[Source "lmi"]
[SourceDate "2008.09.06"]

1. e4 c5 2. b4 d6 3. Bb2 Nf6 4. Bxf6 exf6 5. Nc3 Be7 6. b5 O-O 7. Bc4 Nd7 8. a4
a6 9. Nf3 Nb6 10. Be2 axb5 11. axb5 Rxa1 12. Qxa1 Re8 13. O-O f5 14. d4 cxd4
15. Nd5 fxe4 16. Nxe7+ Qxe7 17. Nxd4 Nd5 18. Re1 Nf4 19. Bf1 Qg5 20. g3 d5 21.
c4 dxc4 22. Bxc4 Nh3+ 23. Kg2 Qf6 24. Qb2 Bg4 25. Qd2 h6 26. Qe3 Rd8 27. Ne2
Ng5 28. Ng1 Qf5 29. h4 Nf3 30. Nxf3 Bxf3+ 31. Kh2 Ra8 32. Bf1 Ra2 33. Bh3 Qxb5
34. Rc1 Re2 35. Rc8+ Kh7 36. Bf1 Qb1 37. Qc1 Qxc1 38. Rxc1 Rxf2+ 39. Kg1 Rd2
40. Re1 Rd1 41. Re3 b5 42. Kf2 b4 43. Bc4 f5 44. Bb3 Rd2+ 45. Ke1 Rg2 46. Be6
Kg6 47. Rb3 Rxg3 48. Rxb4 Bg4 49. Rb7 f4 50. Bf7+ Kf6 51. Bc4 Bc8 52. Rc7 Bh3
53. Rf7+ Ke5 54. Bb3 0-1

[Event "Open Parla 2008"]
[Site "Parla ESP"]
[Date "2008.09.08"]
[Round "3.49"]
[White "Tirado Parra, Alberto"]
[Black "Alcazar Mata, Jesus"]
[Result "1-0"]
[WhiteElo "1983"]
[BlackElo "1631"]
[PlyCount "49"]
[EventDate "2008.09.06"]
[EventType "swiss"]
[EventRounds "9"]
[EventCountry "AUT"]
[Source "lmi"]
[SourceDate "2008.09.06"]

1. e4 e5 2. Nf3 Nc6 3. Bc4 Nf6 4. d4 exd4 5. e5 d5 6. Bb5 Ne4 7. Nxd4 Bd7 8.
Bxc6 Bxc6 9. O-O Be7 10. Be3 O-O 11. Nd2 Bg5 12. f4 Nxd2 13. Qxd2 Be7 14. f5
Bd7 15. Rf3 c5 16. Bh6 Qb6 17. Bxg7 Kxg7 18. f6+ Kh8 19. fxe7 Rg8 20. Nf5 Qg6
21. Nh6 Rg7 22. Raf1 Be6 23. Rf6 Qg5 24. Qxg5 Rxg5 25. Rxe6 1-0

[Event "Open Parla 2008"]
[Site "Parla ESP"]
[Date "2008.09.08"]
[Round "3.53"]
[White "Madurga Lopez, Ignacio"]
[Black "Constantino Blazquez, Christian"]
[Result "0-1"]
[WhiteElo "1666"]
[BlackElo "1848"]
[PlyCount "46"]
[EventDate "2008.09.06"]
[EventType "swiss"]
[EventRounds "9"]
[EventCountry "AUT"]
[Source "lmi"]
[SourceDate "2008.09.06"]

1. e4 e5 2. Nf3 Nc6 3. Bc4 Nf6 4. d3 d5 5. exd5 Nxd5 6. O-O Be7 7. Re1 Qd6 8.
Nbd2 Bf5 9. Bb3 f6 10. Nc4 Qc5 11. Nfxe5 fxe5 12. Nxe5 Nd4 13. Qh5+ g6 14. Nxg6
Bxg6 15. Qxd5 Qxd5 16. Bxd5 Nxc2 17. Bg5 O-O-O 18. Be6+ Kb8 19. Bxe7 Rde8 20.
Bf6 Rhf8 21. Bg7 Nxe1 22. Rxe1 Rf7 23. Re3 Rxg7 0-1

[Event "Open Parla 2008"]
[Site "Parla ESP"]
[Date "2008.09.08"]
[Round "3.54"]
[White "Rios Barba, Faustino"]
[Black "Garcia-Ines Sanchez, Gustavo"]
[Result "1-0"]
[WhiteElo "1559"]
[BlackElo "1845"]
[PlyCount "101"]
[EventDate "2008.09.06"]
[EventType "swiss"]
[EventRounds "9"]
[EventCountry "AUT"]
[Source "lmi"]
[SourceDate "2008.09.06"]

1. d4 Nf6 2. c4 g6 3. Nc3 Bg7 4. Bg5 d6 5. Qd2 Nc6 6. Bh6 Bxh6 7. Qxh6 Nxd4 8.
Qd2 e5 9. e3 Ne6 10. Be2 O-O 11. Nf3 c6 12. O-O e4 13. Nd4 d5 14. Rfd1 Nxd4 15.
Qxd4 Be6 16. cxd5 cxd5 17. Rd2 Qe7 18. Bd1 a6 19. Bb3 Rad8 20. Rad1 b5 21. h3
Rd6 22. Bc2 Rfd8 23. Qe5 Nd7 24. Qf4 Nc5 25. b4 Nd3 26. Bxd3 exd3 27. Rxd3 f5
28. Ne2 Bf7 29. Nd4 Qe4 30. Qg5 Kg7 31. f3 Qe8 32. Nxf5+ Kh8 33. Nxd6 Rxd6 34.
e4 Re6 35. Qxd5 Kg7 36. Qd8 Qc6 37. Qd4+ Kh6 38. Rc3 Qb6 39. Qxb6 Rxb6 40. a3
Bc4 41. Rd4 Kg5 42. Kf2 Kf4 43. g3+ Ke5 44. Rdxc4 bxc4 45. Rxc4 h5 46. Ke3 g5
47. f4+ gxf4+ 48. gxf4+ Kf6 49. Rc5 Rb5 50. Rxb5 axb5 51. Kd4 1-0

[Event "Open Parla 2008"]
[Site "Parla ESP"]
[Date "2008.09.09"]
[Round "4.1"]
[White "Di Berardino, Diego Rafael"]
[Black "Herraiz Hidalgo, Herminio"]
[Result "1/2-1/2"]
[WhiteElo "2471"]
[BlackElo "2507"]
[PlyCount "57"]
[EventDate "2008.09.06"]
[EventType "swiss"]
[EventRounds "9"]
[EventCountry "AUT"]
[Source "lmi"]
[SourceDate "2008.09.06"]

1. e4 e6 2. d4 d5 3. Nc3 Nf6 4. Bg5 Be7 5. e5 Nfd7 6. Bxe7 Qxe7 7. f4 a6 8. Nf3
c5 9. dxc5 Nc6 10. Bd3 Nxc5 11. O-O Bd7 12. Qd2 f5 13. exf6 Qxf6 14. Rae1 O-O
15. Ne5 Be8 16. Qf2 Nxe5 17. Qxc5 Nxd3 18. cxd3 Bg6 19. Qb6 Bxd3 20. Rxe6 Qf5
21. Rf3 Rfe8 22. Rxe8+ Rxe8 23. h3 Be4 24. Rf2 h5 25. Re2 Qxf4 26. Nxd5 Qf7 27.
Qd6 Bxd5 28. Rxe8+ Qxe8 29. Qxd5+ 1/2-1/2

[Event "Open Parla 2008"]
[Site "Parla ESP"]
[Date "2008.09.09"]
[Round "4.2"]
[White "Mekhitarian, Krikor Sevag"]
[Black "Almagro Llanas, Pablo"]
[Result "1-0"]
[WhiteElo "2504"]
[BlackElo "2492"]
[PlyCount "69"]
[EventDate "2008.09.06"]
[EventType "swiss"]
[EventRounds "9"]
[EventCountry "AUT"]
[Source "lmi"]
[SourceDate "2008.09.06"]

1. e4 c6 2. d4 d5 3. e5 Bf5 4. Nf3 e6 5. Be2 Nd7 6. O-O Bg6 7. Nbd2 Nh6 8. Ne1
f6 9. f4 Be7 10. Ndf3 Be4 11. c3 Qc7 12. Be3 O-O-O 13. Nd2 Nf5 14. Bf2 g5 15.
Nxe4 dxe4 16. Qb3 Nf8 17. g4 e3 18. gxf5 exf2+ 19. Rxf2 gxf4 20. exf6 Bxf6 21.
fxe6 Rd5 22. Bf3 Rg5+ 23. Kh1 Qd6 24. Nd3 Nxe6 25. Re2 Nd8 26. Nc5 Rg7 27. Ne4
Qe7 28. d5 cxd5 29. Qxd5 Kb8 30. Nc5 Qf7 31. Qd6+ Ka8 32. Rd1 Rhg8 33. Nd7 Ne6
34. Qxe6 Qg6 35. Rg2 1-0

[Event "Open Parla 2008"]
[Site "Parla ESP"]
[Date "2008.09.09"]
[Round "4.3"]
[White "Roa Alonso, Santiago"]
[Black "Starostits, Ilmar"]
[Result "0-1"]
[WhiteElo "2465"]
[BlackElo "2497"]
[PlyCount "108"]
[EventDate "2008.09.06"]
[EventType "swiss"]
[EventRounds "9"]
[EventCountry "AUT"]
[Source "lmi"]
[SourceDate "2008.09.06"]

1. e4 b6 2. d4 Bb7 3. Bd3 e6 4. Nf3 d6 5. c4 g6 6. Nc3 Bg7 7. Be3 Ne7 8. Qd2 h6
9. O-O-O a6 10. d5 Nd7 11. Rhe1 e5 12. Ng1 f5 13. exf5 gxf5 14. f3 Nf6 15. Nh3
Qd7 16. Kb1 b5 17. g4 fxg4 18. fxg4 bxc4 19. Bxc4 Qxg4 20. Rg1 Qxc4 21. Rxg7
Nfxd5 22. Nxd5 Bxd5 23. b3 Qe4+ 24. Ka1 Nf5 25. Nf2 Qf3 26. Rxc7 Nxe3 27. Rc3
Nxd1 28. Rxf3 Bxf3 29. Qxd6 Nxf2 30. Qe6+ Kd8 31. Qd6+ Kc8 32. Qe6+ Kb7 33.
Qf7+ Kb6 34. Qf6+ Bc6 35. Qxf2+ Kc7 36. Qf7+ Kb8 37. Qf6 Rc8 38. Qxe5+ Rc7 39.
Qh8+ Kb7 40. Qxh6 Rg8 41. Kb2 Rg2+ 42. Ka3 Rd7 43. h4 Rdd2 44. Qh7+ Kb6 45. Qb1
a5 46. h5 Rh2 47. Qg1+ Kb7 48. Qa1 Rdg2 49. Qb1 Rxh5 50. Qa1 Rhh2 51. Qb1 Kb6
52. Qa1 Rd2 53. Qb1 Rhf2 54. Qa1 Bd5 0-1

[Event "Open Parla 2008"]
[Site "Parla ESP"]
[Date "2008.09.09"]
[Round "4.4"]
[White "Vera Gonzalez-Quevedo, Reynaldo"]
[Black "Ortiz Suarez, Isam"]
[Result "0-1"]
[WhiteElo "2493"]
[BlackElo "2392"]
[PlyCount "86"]
[EventDate "2008.09.06"]
[EventType "swiss"]
[EventRounds "9"]
[EventCountry "AUT"]
[Source "lmi"]
[SourceDate "2008.09.06"]

1. d4 Nf6 2. c4 e6 3. Nc3 Bb4 4. g3 c5 5. Nf3 cxd4 6. Nxd4 Ne4 7. Qd3 Qa5 8.
Nb3 Qf5 9. Qe3 Nc6 10. Bg2 Nxc3 11. bxc3 Be7 12. O-O O-O 13. Rd1 Rd8 14. c5 a5
15. Ba3 Qe5 16. Qd3 Bf8 17. Nd4 Bxc5 18. Nf3 Qh5 19. g4 Ne5 20. Qe4 Nxf3+ 21.
Bxf3 Qg5 22. Bxc5 Qxc5 23. c4 Ra6 24. Rab1 Rd6 25. Rxd6 Qxd6 26. Qe3 Qc7 27. c5
d5 28. cxd6 Qxd6 29. Qb6 Qd2 30. Qb2 Qg5 31. Qc1 Qg6 32. Rb5 e5 33. Rxe5 Bxg4
34. Rg5 Rc8 35. Qd2 Qb1+ 36. Kg2 Bxf3+ 37. exf3 h6 38. Rxa5 Rc1 39. Qe2 Re1 40.
Qc4 Rg1+ 41. Kh3 Rg6 42. Qc8+ Kh7 43. Qc4 Qh1 0-1